| 000 | 00950cad a22002175a 4500 | ||
|---|---|---|---|
| 001 | E145974 | ||
| 008 | 081127s2008 xxk f s000 0 eng d | ||
| 035 | _a(Sirsi) u145974 | ||
| 041 | 0 | _aeng | |
| 050 | 0 | 4 | _a711.558 $2 18 |
| 110 | 2 |
_aScotland _bScottish Government _95344 |
|
| 245 | 0 | 0 |
_aConsultation on the key findings and recommendations from the National Parks Review _h[electronic resource] |
| 260 |
_aEdinburgh _bScottish Government _c2008 |
||
| 520 | _aA consultation on the recommendations made in the National Parks Review (see E145902). Deadline for comments is 12 February 2009. | ||
| 521 | _aIntroductory | ||
| 590 | _aKA | ||
| 651 | 4 |
_aScotland _y1999- |
|
| 690 | _aENVIRONMENTAL AND LAND CONSULTANCY-ENVIRONMENTAL MANAGEMENT-ENVIRONMENTAL CONSERVATION-LANDSCAPE CONSERVATION | ||
| 856 | 4 | 8 |
_uhttps://www.scotland.gov.uk/Publications/2008/11/25131530/0 _zView the consultation free of charge at www.scotland.gov.uk... |
| 942 | _n0 | ||
| 999 |
_c108996 _d108996 |
||